00379 a2200109 4500001001000000005001700010008004100027245003000068100002500098773012900123999001700252ART_2349920260410161931.0260409a 10aLegislación del seguro.1 aMichelson, Guillermo0 tRevista de la Facultad de Ciencias Económicas de la Universidad de Cuyog- Año XIX, Nº 55/56 (ene./ago. 1967)wREV22981 c28580d28580